The american dream; advanced readings in english /
Guardado en:
| Autor Principal: | |
|---|---|
| Otros Autores: | |
| Formato: | Libro |
| Publicado: |
Estados Unidos de América :
Longman,
1982
|
| Materias: | |
| Etiquetas: |
Agregar Etiqueta
Sin Etiquetas, Sea el primero en etiquetar este registro!
|
| LEADER | 00590nam a22002055a 4500 | ||
|---|---|---|---|
| 001 | CEM.cems007442 | ||
| 005 | 20060214000000.0 | ||
| 008 | 130507s1982##################000#0#####d | ||
| 003 | CEMS | ||
| 082 | 0 | 4 | |a 428.64 |
| 100 | 1 | |a Hocmard, G. | |
| 245 | 1 | 0 | |a The american dream; advanced readings in english / |
| 260 | |a Estados Unidos de América : |b Longman, |c 1982 | ||
| 300 | |a 140 p. | ||
| 653 | |a Eeuu-sociedad | ||
| 653 | |a Ingles | ||
| 653 | |a Ingles-textos | ||
| 653 | |a Sueño americano | ||
| 700 | 1 | |a Sommers, M. / Sheram, K. A. | |
| 859 | |a CEMS |b BIB. CEMS - 11 de abril |h 428.64 |i H659 |p 17320.93 |t Ej.1 | ||
